banner koha

A necessidade urgente de um entendimento (Registro n. 299452)

MARC details
000 -LÍDER
fixed length control field 00936nab a2200277 4500
003 - CÓDIGO MARC DA AGÊNCIA CATALOGADORA
Campo de controle BR-BrBNA
005 - DATA E HORA DA ÚLTIMA ATUALIZAÇÃO
Campo de controle 20240505222451.0
008 - CAMPO DE TAMANHO FIXO
fixed length control field 240505b bl.||||| |||| 00| 0 por d
040 ## - FONTE DA CATALOGAÇÃO
Agência catalogadora BR-BrBNA
Idioma da catalogação por
072 ## - CATEGORIA AGRIS
Código AGRIS D50 ; P01
100 ## - ENTRADA PRINCIPAL - NOME PESSOAL
Nome pessoal Joaquim, Décio
245 ## - TÍTULO PRINCIPAL
Título principal A necessidade urgente de um entendimento
Subtítulo Legislação Ambiental
500 ## - NOTA GERAL
Nota geral 1 illus.
942 ## - ADDED ENTRY ELEMENTS (KOHA)
Koha item type
650 ## - ASSUNTO - THESAGRO
Cabeçalho tópico ou nome geográfico LEGISLAÇÃO AMBIENTAL
650 ## - ASSUNTO - THESAGRO
Cabeçalho tópico ou nome geográfico POLÍTICA AMBIENTAL
650 ## - ASSUNTO - THESAGRO
Cabeçalho tópico ou nome geográfico REGULARIZAÇÃO AMBIENTAL
650 ## - ASSUNTO - THESAGRO
Cabeçalho tópico ou nome geográfico UNIDADE DE CONSERVAÇÃO
650 ## - ASSUNTO - THESAGRO
Cabeçalho tópico ou nome geográfico USO DA TERRA
650 ## - ASSUNTO - THESAGRO
Cabeçalho tópico ou nome geográfico DEGRADAÇÃO AMBIENTAL
650 ## - ASSUNTO - THESAGRO
Cabeçalho tópico ou nome geográfico DESAPROPRIAÇÃO
650 ## - ASSUNTO - THESAGRO
Cabeçalho tópico ou nome geográfico MATA CILIAR
650 ## - ASSUNTO - THESAGRO
Cabeçalho tópico ou nome geográfico BIODIVERSIDADE
773 0# - ENTRADA ANALÍTICA
Host Biblionumber 4769
Registro do item 314641
Imprenta Bebedouro - SP Grupo Técnico de Assistência e Consultoria em Citrus 2001
Outro identificador 2024-0893
Título Ciência e Pratica (Brazil)
Colação v. 9(34) p. 10-11; (Jul-Sep 2009)
Número de controle de registro BR2024000945

Nenhum exemplar disponível.

BINAGRI

Telefone: (61)3218-2567/2388/3357/2097 - binagri@agro.gov.br

Ministério da Agricultura e Pecuária , Esplanada dos Ministérios, Bloco D, Anexo B, Brasília/DF, CEP: 70.043-900